00622nam a2200181Ia 4500001002500000003000900025008004100034040002300075041001300098100001200111245004900123250001500172260005500187300002700242490001000269501012400279520003700403791.430 9-SEG ci (10235)IT-MiSPE171229s9999||||xx |||||||||||||| ||und|| aIT-MiSPEcIT-MiSPE aITALIANO aAA.VV.  0aSegnalazioni cinematograficheb70. Anno 1971 a1a ed. (v) aRomabCentro Cattolico Cinematograficoc(st.) 1971 a224 p. [121 v.]c16 cm v 70° aEdizioni San Paolo srl - Piazza Soncino, 5 - 20092 CINISELLO BALSAMO (MI) (non commercial uses only) ® Copyright 2018 aCentro Cattolico Cinematografico